000 01628ngm a2200361 4500
003 dpl
005 20090319104030.0
007 DVD
008 ||||||sp199 xxu|||||c ||| 00| 0 ng d
010 _aDVD-001840-1842
024 _aVENF 0089
_c49.00
035 _aDVD-001840-1842
040 _aDPL
_cDPL
082 _aDVD / TICK
245 _aTicker :
_cAduk Home Entertainment Presents
_h[videorecording] DVD/
_bDeath Is Just A Tick Away /
260 _bMoserbaer Entertainment
300 _a1 videodisc VCD;
_bsd., col. ;
_c4 3/4 in.
_fVCD
440 _aMoserbaer Home Entertainment
500 _aMoserbaer India Ltd. has obtained the necessary licence/conssent from the owner of the copyright in the wroks for making this DVD Film.
538 _aDolby Digital 5.1 -English Subtitles: English
650 _aMotion Picture
700 _aSeagal, Steven
700 _aRosenblum
700 _aPyun, Albert
700 _aMargolis, Paul B.
700 _aSizemore, Tom
700 _aHopper, Dennis
942 _cCF
_2ddc
_hDVD
_mTICK
999 _c25402
_d25402